Syria's terrorist war on Lebanon and the peace process (Record no. 85550)
[ view plain ]
| 000 -LEADER | |
|---|---|
| fixed length control field | 01991nam a2200385Ia 4500 |
| 082 04 - DEWEY DECIMAL CLASSIFICATION NUMBER | |
| Classification number | 327.569105692/09/045 |
| 100 1# - MAIN ENTRY--AUTHOR NAME | |
| Personal name | Deeb, Marius. |
| 245 10 - TITLE STATEMENT | |
| Title | Syria's terrorist war on Lebanon and the peace process |
| 260 ## - PUBLICATION, DISTRIBUTION, ETC. (IMPRINT) | |
| Place of publication | New York : |
| Name of publisher | Palgrave, |
| Year of publication | 2003. |
| 300 ## - PHYSICAL DESCRIPTION | |
| Number of Pages | x, 285 p. : |
| Other physical details | maps. |
| 505 0# - FORMATTED CONTENTS NOTE | |
| Formatted contents note | Map 1: Beirut -- Map 2: Lebanon -- Ch. 1. Asad's Terrorist War on Lebanon and the Peace Process: The Beginnings, 1974-1978 -- Ch. 2. From the Litani Operation to Peace for Galilee, 1978-1982 -- Ch. 3. Exit PLO, Enter Hizballah, 1982-1985 -- Ch. 4. From the Tripartite Agreement to the End of Gemayel's Presidency, 1985-1988 -- Ch. 5. From Pan-Am 103 to the Ousting of Prime Minister Michel 'Awn, 1988-1990 -- Ch. 6. The Syrian-Israeli Peace Negotiations: An Exercise in Futility, 1991-2000 -- Ch. 7. Epilogue. |
| 650 #0 - SUBJECT ADDED ENTRY--TOPICAL TERM | |
| Topical Term | International relations. |
| 856 40 - ELECTRONIC LOCATION AND ACCESS | |
| Uniform Resource Identifier | http://site.ebrary.com/lib/rucke/Doc?id=10135545 |
No items available.
